Datum a čas kvízu
28.5
Celkem bodů
Celkový počet nahraných bodů na tomto kvízu bez doplňovacích otázek.
3.
Pořadí na kvízu
Konečné umístění týmu na tomto kvízu.
Zaznamenané odpovědi
| # | Otázka | Odpověď | Body | Výsledky |
|---|---|---|---|---|
| 5. | Akrobat Roman Kramařík jako pr... | 1 | ||
| 4. | Společnost Twitter na své inte... | 1 | ||
| 2. | Chystaná premiéra jednoho muzi... | 0 | ||
| 1. | Mezi občany od středy míří nov... | 0 | ||
| 5. | Fotbalisté v jisté evropské ze... | 0 | ||
| 10. | Jak se jmenuje vítězka US Open... | 1 | ||
| 7. | Ve kterém městě došlo v prosin... | 1 | ||
| 8. | Jak se nazývá (6 písmeny) tkan... | 0 | ||
| 9. | Který z povrchů, na kterých se... | 1 | ||
| 10. | K našim nejlepším tenistům se... | 1 |